[Event "CHN-chT"]
[Site "Qingdao"]
[Date "2024.04.07"]
[Round "6.1"]
[White "Shen, Siyuan"]
[Black "Zeng, Chongsheng"]
[Result "0-1"]
[WhiteElo "2284"]
[BlackElo "2592"]
[PlyCount "128"]
[EventDate "2024.04.02"]
[EventType "team-swiss"]
[EventRounds "9"]
[EventCountry "CHN"]
[SourceTitle "CBM 219 Extra"]
[Source "ChessBase"]
[SourceDate "2024.05.31"]
[SourceVersion "1"]
[SourceVersionDate "2024.05.31"]
[SourceQuality "1"]
[WhiteTeam "Ningbo"]
[BlackTeam "Shenzhen"]
[WhiteTeamCountry "CHN"]
[BlackTeamCountry "CHN"]

1. d4 Nf6 2. Nf3 g6 3. Bf4 Bg7 4. e3 d6 5. h3 0-0 6. Nbd2 c5 7. c3 Nc6 8. Be2 cxd4 9. cxd4 Re8 10. Bh2 e5 11. 0-0 exd4 12. Nxd4 Nxd4 13. exd4 Ne4 14. Nf3 Qb6 15. Bc4 Be6 16. Bxe6 Rxe6 17. Qb3 Bh6 18. Rfe1 Qxb3 19. axb3 a6 20. Re2 Rc8 21. d5 Ree8 22. Rae1 Nf6 23. Bxd6 Rxe2 24. Rxe2 Nxd5 25. g3 f6 26. Kg2 Kf7 27. Ba3 b5 28. Bd6 Rc6 29. Bb8 Rc1 30. Ba7 Rc7 31. Bd4 Bf8 32. Nh2 h5 33. Nf1 Nb4 34. Ne3 Rd7 35. Bc3 Nd3 36. Kf1 Nc1 37. Rc2 Nxb3 38. Be1 a5 39. Rc6 Bc5 40. Bc3 Rd6 41. Rc7+ Ke6 42. Ng2 b4 43. Nf4+ Kf5 44. Be1 Bd4 45. Nd3 g5 46. Rc4 Ke4 47. Ke2 Re6 48. Rc8 Bb6 49. Nc1 Kd5+ 50. Kf1 Nxc1 51. Rxc1 Bd4 52. b3 Rc6 53. Rxc6 Kxc6 54. Ke2 g4 55. hxg4 hxg4 56. f3 gxf3+ 57. Kxf3 a4 58. Bxb4 axb3 59. Ba3 Kd5 60. Kf4 Ke6 61. g4 b2 62. Bxb2 Bxb2 63. g5 Bc1+ 64. Kg4 f5+ 0-1

[Event "CHN-chT"]
[Site "Hangzhou"]
[Date "2023.05.24"]
[Round "6.2"]
[White "Shen, Siyuan"]
[Black "Hou, Yifan B"]
[Result "1/2-1/2"]
[WhiteElo "2330"]
[BlackElo "2002"]
[PlyCount "62"]
[EventDate "2023.05.19"]
[EventType "team-swiss"]
[EventRounds "9"]
[EventCountry "CHN"]
[SourceTitle "CBM 214 Extra"]
[Source "ChessBase"]
[SourceDate "2023.07.31"]
[SourceVersion "1"]
[SourceVersionDate "2023.07.31"]
[SourceQuality "1"]
[WhiteTeam "Ningbo"]
[BlackTeam "Heilongjiang"]
[WhiteTeamCountry "CHN"]
[BlackTeamCountry "CHN"]

1. f4 Nf6 2. Nf3 d5 3. b3 g6 4. Bb2 Bg7 5. e3 0-0 6. Be2 c5 7. 0-0 Nc6 8. Ne5 Qc7 9. Bf3 Ne4 10. Nd3 Bxb2 11. Nxb2 Nf6 12. c4 d4 13. Nd3 Bf5 14. Nf2 e5 15. fxe5 Qxe5 16. exd4 Nxd4 17. Na3 a6 18. Rc1 Rad8 19. Re1 Qf4 20. Nb1 Nxf3+ 21. Qxf3 Qxf3 22. gxf3 Bxb1 23. Rxb1 Rxd2 24. b4 cxb4 25. Rxb4 Rxa2 26. Rxb7 Rd8 27. c5 Rdd2 28. c6 Nd5 29. Ng4 Rac2 30. Nh6+ Kg7 31. Nxf7 Rg2+ 1/2-1/2

[Event "CHN-chT"]
[Site "Daqing"]
[Date "2019.06.26"]
[Round "8.8"]
[White "Zhou, Yibo"]
[Black "Shen, Siyuan"]
[Result "0-1"]
[WhiteElo "1934"]
[BlackElo "2334"]
[PlyCount "54"]
[EventDate "2019.06.19"]
[EventType "team-swiss"]
[EventRounds "9"]
[EventCountry "CHN"]
[SourceTitle "CBM 191 Extra"]
[Source "ChessBase"]
[SourceDate "2019.09.30"]
[SourceVersion "1"]
[SourceVersionDate "2019.09.30"]
[SourceQuality "1"]
[WhiteTeam "Shanxi"]
[BlackTeam "Hunan"]
[WhiteTeamCountry "CHN"]
[BlackTeamCountry "CHN"]

1. d4 f5 2. g3 Nf6 3. Bg2 c6 4. Nf3 g6 5. 0-0 Bg7 6. c4 0-0 7. Nc3 d6 8. Qc2 Nh5 9. Rd1 Na6 10. a3 Qe8 11. d5 f4 12. Nd4 fxg3 13. hxg3 e5 14. dxc6 exd4 15. cxb7 Bxb7 16. Bxb7 dxc3 17. Bxa6 Nxg3 18. c5 Ne4 19. f3 Nxc5 20. Bc4+ Kh8 21. bxc3 Rc8 22. a4 Nd7 23. Bb5 Rxc3 24. Qa2 Qe5 25. Kg2 Nf6 26. Rh1 Nh5 27. Rh3 Rxc1 0-1

[Event "CHN-chT"]
[Site "Daqing"]
[Date "2019.06.25"]
[Round "7.9"]
[White "Shen, Siyuan"]
[Black "Shi, Jiashuo"]
[Result "1/2-1/2"]
[WhiteElo "2334"]
[BlackElo "1564"]
[PlyCount "99"]
[EventDate "2019.06.19"]
[EventType "team-swiss"]
[EventRounds "9"]
[EventCountry "CHN"]
[SourceTitle "CBM 191 Extra"]
[Source "ChessBase"]
[SourceDate "2019.09.30"]
[SourceVersion "1"]
[SourceVersionDate "2019.09.30"]
[SourceQuality "1"]
[WhiteTeam "Hunan"]
[BlackTeam "Qingdao"]
[WhiteTeamCountry "CHN"]
[BlackTeamCountry "CHN"]

1. b3 Nf6 2. Bb2 e6 3. Nf3 d5 4. c4 Bd6 5. g3 Nbd7 6. Bg2 c6 7. 0-0 0-0 8. d3 b6 9. Nc3 Bb7 10. e4 dxe4 11. dxe4 Ne5 12. Ne1 Qe7 13. Qe2 Ng6 14. Nc2 Rfd8 15. Kh1 e5 16. Ne3 Bc7 17. Nf5 Qe8 18. Ba3 Rd7 19. h4 Nf8 20. Rad1 Rad8 21. Bh3 Ne6 22. Qe3 Rxd1 23. Rxd1 Rxd1+ 24. Nxd1 c5 25. Nc3 g6 26. Nd5 Nxd5 27. Nh6+ Kg7 28. exd5 Nd4 29. Bb2 Bc8 30. Bxc8 Qxc8 31. Kg2 f5 32. Bxd4 cxd4 33. Qg5 Qf8 34. g4 fxg4 35. Nxg4 Qf4 36. Qe7+ Qf7 37. Qxf7+ Kxf7 38. f3 h5 39. Nf2 Bd8 40. Kg3 g5 41. hxg5 Bxg5 42. b4 Ke7 43. c5 bxc5 44. bxc5 Kd7 45. Nd3 Bf6 46. a4 a5 47. Nf2 Bg5 48. Nd3 Bf6 49. Nf2 Bg5 50. Ne4 1/2-1/2

[Event "CHN-chT"]
[Site "Daqing"]
[Date "2019.06.22"]
[Round "4.6"]
[White "Peng, Hongchi"]
[Black "Shen, Siyuan"]
[Result "1-0"]
[WhiteElo "2370"]
[BlackElo "2334"]
[PlyCount "85"]
[EventDate "2019.06.19"]
[EventType "team-swiss"]
[EventRounds "9"]
[EventCountry "CHN"]
[SourceTitle "CBM 191 Extra"]
[Source "ChessBase"]
[SourceDate "2019.09.30"]
[SourceVersion "1"]
[SourceVersionDate "2019.09.30"]
[SourceQuality "1"]
[WhiteTeam "Hebei"]
[BlackTeam "Hunan"]
[WhiteTeamCountry "CHN"]
[BlackTeamCountry "CHN"]

1. e4 d5 2. exd5 Nf6 3. d4 Nxd5 4. Nf3 Bg4 5. Be2 e6 6. 0-0 Nc6 7. h3 Bh5 8. b3 Bd6 9. Bb5 0-0 10. Bxc6 bxc6 11. c4 Bxf3 12. Qxf3 Nb4 13. Qe4 c5 14. a3 Na6 15. Qc6 Qc8 16. Be3 cxd4 17. Bxd4 Rb8 18. b4 Qb7 19. Qxb7 Rxb7 20. c5 Be7 21. c6 Rb5 22. Nc3 Rf5 23. Bxa7 Bf6 24. Rac1 Ra8 25. Be3 Nb8 26. g4 Re5 27. Bf4 Nxc6 28. Bxe5 Nxe5 29. Nb1 Nf3+ 30. Kg2 Nh4+ 31. Kg3 g5 32. f4 gxf4+ 33. Kxf4 Bb2 34. Rxc7 Rd8 35. Ke3 f5 36. a4 f4+ 37. Ke2 f3+ 38. Ke3 Bf6 39. b5 Bd4+ 40. Ke4 Bb6 41. Rc4 f2 42. a5 Bxa5 43. Rxf2 1-0

[Event "Kuala Lumpur op 15th"]
[Site "Kuala Lumpur"]
[Date "2018.08.21"]
[Round "2"]
[White "Shen, Siyuan"]
[Black "Idani, Pouya"]
[Result "0-1"]
[WhiteElo "2332"]
[BlackElo "2599"]
[PlyCount "74"]
[EventDate "2018.08.20"]
[EventType "swiss"]
[EventRounds "9"]
[EventCountry "MAS"]
[SourceTitle "CBM 186 Extra"]
[Source "ChessBase"]
[SourceDate "2018.08.24"]
[SourceVersion "1"]
[SourceVersionDate "2018.08.24"]
[SourceQuality "1"]

1. e4 c5 2. c3 d5 3. exd5 Qxd5 4. d4 g6 5. Nf3 Bg7 6. Be3 cxd4 7. cxd4 Nf6 8. Nc3 Qd8 9. Bc4 0-0 10. h3 b6 11. 0-0 Bb7 12. Ne5 e6 13. Qb3 Ne8 14. Rfd1 Nd6 15. Bd3 Na6 16. Nc4 Nf5 17. Bxf5 gxf5 18. Na5 Bxg2 19. Kxg2 bxa5 20. d5 e5 21. f4 Rb8 22. Qc2 exf4 23. Bxf4 Rb4 24. Qxf5 Rxb2+ 25. Kh1 Qc8 26. Qxc8 Rxc8 27. Rg1 Rxc3 28. Rxg7+ Kxg7 29. Be5+ Kf8 30. Bxc3 Rc2 31. Be5 Nb4 32. Rb1 Nxd5 33. Rb5 Nb4 34. Rxa5 Nc6 35. Bd6+ Kg7 36. Ra4 Kf6 37. Bh2 Rc1+ 0-1

[Event "CHN-chT"]
[Site "Hangzhou"]
[Date "2018.06.21"]
[Round "4.5"]
[White "Peng, Hongchi"]
[Black "Shen, Siyuan"]
[Result "1-0"]
[WhiteElo "2322"]
[BlackElo "2335"]
[PlyCount "83"]
[EventDate "2018.06.19"]
[EventType "team-swiss"]
[EventRounds "9"]
[EventCountry "CHN"]
[SourceTitle "CBM 185 Extra"]
[Source "ChessBase"]
[SourceDate "2018.07.29"]
[SourceVersion "1"]
[SourceVersionDate "2018.07.29"]
[SourceQuality "1"]
[WhiteTeam "Hebei"]
[BlackTeam "Ningbo"]
[WhiteTeamCountry "CHN"]
[BlackTeamCountry "CHN"]

1. e4 e6 2. d4 d5 3. Nc3 Nf6 4. e5 Nfd7 5. f4 c5 6. Nf3 Nc6 7. Be3 Qb6 8. Na4 Qa5+ 9. c3 cxd4 10. b4 Nxb4 11. cxb4 Bxb4+ 12. Bd2 Bxd2+ 13. Nxd2 b6 14. Bd3 Ba6 15. Bxa6 Qxa6 16. Nb2 Nc5 17. Nb3 0-0 18. Qe2 d3 19. Nxc5 bxc5 20. Nxd3 c4 21. Nf2 Qa5+ 22. Qd2 c3 23. Qd3 Qb4 24. 0-0 Qxf4 25. Qxc3 Rfc8 26. Qb2 Rab8 27. Rac1 Rd8 28. Qc3 h6 29. Nh3 d4 30. Nxf4 dxc3 31. Rxc3 Rb2 32. a3 Rdd2 33. h4 Rb5 34. Rc8+ Kh7 35. Rc7 Rxe5 36. Rxf7 Re4 37. Re7 e5 38. Nh5 Kg6 39. Rxg7+ Kxh5 40. Rf5+ Kxh4 41. g3+ Kh3 42. Rh5+ 1-0

[Event "Kuala Lumpur op 14th"]
[Site "Kuala Lumpur"]
[Date "2017.08.29"]
[Round "2"]
[White "Shen, Siyuan"]
[Black "Heberla, Bartlomiej"]
[Result "1-0"]
[WhiteElo "2312"]
[BlackElo "2567"]
[PlyCount "83"]
[EventDate "2017.08.28"]
[EventType "swiss"]
[EventRounds "9"]
[EventCountry "MAS"]
[SourceTitle "CBM 180 Extra"]
[Source "ChessBase"]
[SourceDate "2017.10.06"]
[SourceVersion "1"]
[SourceVersionDate "2017.10.06"]
[SourceQuality "1"]

1. Nf3 g6 2. d4 Bg7 3. g3 c5 4. Bg2 cxd4 5. Nxd4 Nc6 6. c3 Nf6 7. 0-0 0-0 8. e4 d6 9. Na3 Bd7 10. Qe2 Qc8 11. Rd1 Rd8 12. Nc4 Nxd4 13. cxd4 Bb5 14. b3 Qe6 15. a4 Ba6 16. Ra2 d5 17. exd5 Nxd5 18. Qxe6 fxe6 19. Rc2 Rac8 20. Ba3 Nb6 21. Bc1 Nd5 22. Ba3 Nb6 23. Bh3 Rc6 24. Ne3 Kf7 25. Rxc6 bxc6 26. Nc2 e5 27. Re1 exd4 28. Rxe7+ Kg8 29. Be6+ Kh8 30. Rxa7 Bd3 31. Be7 Re8 32. Nb4 Bf5 33. Bxf5 gxf5 34. Bc5 Nd5 35. Nxd5 cxd5 36. Rd7 f4 37. Kg2 fxg3 38. hxg3 Kg8 39. Rxd5 Rb8 40. b4 Kf7 41. Rd7+ Kg6 42. a5 1-0

[Event "CHN-ch Prelim rap (Women) 1st"]
[Site "Hefei"]
[Date "2011.07.05"]
[Round "9"]
[White "Wang, Doudou"]
[Black "Shen, Siyuan"]
[Result "1-0"]
[WhiteElo "2193"]
[BlackElo "2324"]
[PlyCount "56"]
[EventDate "2011.07.03"]
[EventType "swiss (rapid)"]
[EventRounds "9"]
[EventCountry "CHN"]
[SourceTitle "CBM 143 Extra"]
[Source "ChessBase"]
[SourceDate "2011.08.29"]
[SourceVersion "1"]
[SourceVersionDate "2011.08.29"]
[SourceQuality "1"]

1. d4 Nf6 2. c4 g6 3. Nc3 Bg7 4. e4 d6 5. Be2 0-0 6. Bg5 c5 7. d5 Nbd7 8. Qd2 Nb6 9. h4 h5 10. f3 Nfd7 11. g4 Ne5 12. b3 hxg4 13. f4 Nf3+ 14. Bxf3 gxf3 15. h5 f2+ 16. Kxf2 f6 17. Bh4 g5 18. h6 Bxh6 19. Bg3 Kg7 20. Nf3 Bg4 21. Rh2 Qd7 22. Rah1 Bxf3 23. Kxf3 Rh8 24. Nd1 f5 25. fxg5 fxe4+ 26. Kg2 Qg4 27. Qc3+ Kf7 28. Rxh6 Qe2+ 1-0

[Event "CHN-ch Prelim rap (Women) 1st"]
[Site "Hefei"]
[Date "2011.07.03"]
[Round "3"]
[White "Shen, Siyuan"]
[Black "Lei, Tingjie"]
[Result "0-1"]
[WhiteElo "2324"]
[BlackElo "2061"]
[PlyCount "60"]
[EventDate "2011.07.03"]
[EventType "swiss (rapid)"]
[EventRounds "9"]
[EventCountry "CHN"]
[SourceTitle "CBM 143 Extra"]
[Source "ChessBase"]
[SourceDate "2011.08.29"]
[SourceVersion "1"]
[SourceVersionDate "2011.08.29"]
[SourceQuality "1"]

1. e4 c5 2. Nf3 g6 3. d4 cxd4 4. Nxd4 Nc6 5. Nc3 Bg7 6. Be3 Nf6 7. f3 0-0 8. g4 d6 9. Qd2 Nxd4 10. Bxd4 Be6 11. 0-0-0 Rc8 12. Kb1 Bc4 13. g5 Nh5 14. Bh3 Rc6 15. Bg4 Bxd4 16. Qxd4 e5 17. Qd2 Nf4 18. h4 Qa5 19. h5 Ne2 20. a3 Nxc3+ 21. Qxc3 Ba2+ 22. Kxa2 Rxc3 23. bxc3 Qxc3 24. hxg6 Qxc2+ 25. Ka1 Qc3+ 26. Ka2 hxg6 27. Rh2 f5 28. Rdh1 fxg4 29. Rh8+ Kf7 30. R1h7+ Ke8 0-1

[Event "Ho Chi Minh City HD Bank op 1st"]
[Site "Ho Chi Minh City"]
[Date "2011.01.09"]
[Round "9"]
[White "Shen, Siyuan"]
[Black "Pham, Chuong"]
[Result "0-1"]
[WhiteElo "2374"]
[BlackElo "2376"]
[PlyCount "74"]
[EventDate "2011.01.04"]
[EventType "swiss"]
[EventRounds "9"]
[EventCountry "VIE"]
[SourceTitle "CBM 140 Extra"]
[Source "ChessBase"]
[SourceDate "2011.03.01"]
[SourceVersion "1"]
[SourceVersionDate "2011.03.01"]
[SourceQuality "1"]

1. Nf3 d5 2. c4 e6 3. g3 Nf6 4. Bg2 Be7 5. 0-0 0-0 6. d4 c6 7. Qc2 b6 8. b3 Nbd7 9. Nbd2 Bb7 10. Bb2 c5 11. cxd5 Nxd5 12. Rac1 Rc8 13. Qb1 b5 14. dxc5 Nxc5 15. Ne4 Nxe4 16. Qxe4 Bf6 17. Rxc8 Qxc8 18. Ne5 Rd8 19. Bf3 Ba8 20. Rc1 Qa6 21. Qb1 b4 22. Ng4 Bxb2 23. Qxb2 Nc3 24. Rxc3 bxc3 25. Qxc3 Bxf3 26. Qxf3 Qxa2 27. Kg2 Qd2 28. h4 h6 29. Ne3 Rb8 30. Nc4 Qd5 31. e4 Qd4 32. Kh3 Rd8 33. Qf4 Qd1 34. Ne5 f6 35. Nc6 Qh1+ 36. Kg4 f5+ 37. Kh5 Kh7 0-1

[Event "Ho Chi Minh City HD Bank op 1st"]
[Site "Ho Chi Minh City"]
[Date "2011.01.05"]
[Round "3"]
[White "Shen, Siyuan"]
[Black "Ton That Nhu, Tung"]
[Result "1/2-1/2"]
[WhiteElo "2374"]
[BlackElo "2232"]
[PlyCount "115"]
[EventDate "2011.01.04"]
[EventType "swiss"]
[EventRounds "9"]
[EventCountry "VIE"]
[SourceTitle "CBM 140 Extra"]
[Source "ChessBase"]
[SourceDate "2011.03.01"]
[SourceVersion "1"]
[SourceVersionDate "2011.03.01"]
[SourceQuality "1"]

1. Nf3 d5 2. g3 c6 3. b3 Bf5 4. Bb2 Nd7 5. Bg2 Qc7 6. d4 Ngf6 7. c4 e6 8. 0-0 Be7 9. Nc3 Ne4 10. Nd2 Nxd2 11. Qxd2 h5 12. Rac1 Qa5 13. cxd5 exd5 14. a3 h4 15. b4 Qd8 16. e4 dxe4 17. Nxe4 Bxe4 18. Bxe4 Nf6 19. Bg2 Rh5 20. Rfe1 Kf8 21. Qd1 hxg3 22. hxg3 g6 23. Re5 Qd7 24. Qf3 Rh7 25. b5 Nd5 26. a4 Kg7 27. Qb3 Rd8 28. bxc6 bxc6 29. Qc4 Bf6 30. Ree1 Qf5 31. Ba3 Rdh8 32. Qxc6 Nf4 33. gxf4 Qg4 34. Kf1 Qxf4 35. Qe4 Qg5 36. Bd6 Rh4 37. Qe3 Qg4 38. Qg3 Qxd4 39. Be5 Bxe5 40. Qxe5+ Qxe5 41. Rxe5 Rh1+ 42. Bxh1 Rxh1+ 43. Ke2 Rxc1 44. Re7 a6 45. Ra7 Rc6 46. Kf3 Re6 47. a5 g5 48. Kg3 Rf6 49. f3 Kg6 50. Rb7 Kf5 51. Rc7 Kg6 52. Kg4 Rd6 53. Ra7 f6 54. Ra8 Kf7 55. Kh5 Ke6 56. Kg6 Ke5 57. Rf8 Re6 58. Rf7 1/2-1/2

[Event "Budapest FS09 GM"]
[Site "Budapest"]
[Date "2009.09.11"]
[Round "7"]
[White "Berczes, David"]
[Black "Shen, Siyuan"]
[Result "1-0"]
[WhiteElo "2521"]
[BlackElo "2368"]
[PlyCount "73"]
[EventDate "2009.09.05"]
[EventType "tourn"]
[EventRounds "9"]
[EventCountry "HUN"]
[EventCategory "8"]
[SourceTitle "CBM 132 Extra"]
[Source "ChessBase"]
[SourceDate "2009.11.03"]
[SourceVersion "1"]
[SourceVersionDate "2009.11.03"]
[SourceQuality "1"]

1. d4 d5 2. c4 c6 3. Nc3 Nf6 4. e3 e6 5. Nf3 Nbd7 6. Qc2 Bd6 7. g4 dxc4 8. Bxc4 e5 9. g5 Nd5 10. Bd2 0-0 11. Ne4 Bc7 12. 0-0-0 exd4 13. Nxd4 Ne5 14. Be2 Bb6 15. h4 Bxd4 16. exd4 Ng6 17. Ng3 Ngf4 18. Bc4 Be6 19. Rde1 Qb6 20. Re4 Nb4 21. Bxb4 Qxb4 22. Bxe6 Nxe6 23. d5 Nd4 24. Qd3 c5 25. Nf5 Qa5 26. Ne7+ Kh8 27. Kb1 Rad8 28. h5 Qb6 29. f4 Qd6 30. f5 Rd7 31. Ng6+ fxg6 32. hxg6 h6 33. f6 Qxd5 34. gxh6 gxf6 35. g7+ Rxg7 36. hxg7+ Kxg7 37. Rh7+ 1-0

[Event "Budapest FS09 GM"]
[Site "Budapest"]
[Date "2009.09.10"]
[Round "6"]
[White "Shen, Siyuan"]
[Black "Kislik, Erik Andrew"]
[Result "1/2-1/2"]
[WhiteElo "2368"]
[BlackElo "2339"]
[PlyCount "52"]
[EventDate "2009.09.05"]
[EventType "tourn"]
[EventRounds "9"]
[EventCountry "HUN"]
[EventCategory "8"]
[SourceTitle "CBM 132 Extra"]
[Source "ChessBase"]
[SourceDate "2009.11.03"]
[SourceVersion "1"]
[SourceVersionDate "2009.11.03"]
[SourceQuality "1"]

1. Nf3 Nf6 2. g3 c5 3. c4 b6 4. Bg2 Bb7 5. Nc3 g6 6. b3 Bg7 7. Bb2 e5 8. 0-0 d6 9. d3 0-0 10. e4 Ng4 11. Ne1 f5 12. exf5 Bxg2 13. Nxg2 gxf5 14. Ne3 Nh6 15. Qf3 Qd7 16. Ned5 Nc6 17. Qg2 Rae8 18. Rae1 Re6 19. Kh1 Kh8 20. Nb1 Rg8 21. Nd2 Nd4 22. Nf3 Nxf3 23. Qxf3 Rg6 24. Qe2 Ng4 25. f3 Nh6 26. f4 Ng4 1/2-1/2

[Event "Budapest FS08 GM"]
[Site "Budapest"]
[Date "2009.08.03"]
[Round "3"]
[White "Shen, Siyuan"]
[Black "Boros, Denes"]
[Result "1-0"]
[WhiteElo "2321"]
[BlackElo "2485"]
[PlyCount "148"]
[EventDate "2009.08.01"]
[EventType "tourn"]
[EventRounds "13"]
[EventCountry "HUN"]
[EventCategory "8"]
[SourceTitle "CBM 131 Extra"]
[Source "ChessBase"]
[SourceDate "2009.09.03"]
[SourceVersion "2"]
[SourceVersionDate "2009.09.16"]
[SourceQuality "1"]

1. Nf3 Nf6 2. b3 e6 3. Bb2 c5 4. e3 Nc6 5. Be2 d5 6. d4 cxd4 7. exd4 Bb4+ 8. c3 Be7 9. 0-0 0-0 10. Nbd2 Rb8 11. Ne5 Nd7 12. c4 dxc4 13. Nxc6 bxc6 14. Nxc4 Bb7 15. Qc2 Rc8 16. Bf3 Qc7 17. Rfd1 Rfe8 18. Rd2 Bg5 19. Re2 Ba6 20. Rd1 Bf4 21. g3 Bg5 22. Ree1 Be7 23. Bg2 Bb4 24. Bc3 Be7 25. Bd2 Bxc4 26. Qxc4 Nb6 27. Qa6 Qd7 28. Rc1 Bf6 29. Be3 Nd5 30. Rc4 Rc7 31. Rec1 Rec8 32. Bxd5 exd5 33. R4c3 g5 34. Qa4 Qe6 35. Bd2 Qe4 36. Be3 h5 37. Rxc6 Rxc6 38. Rxc6 Rxc6 39. Qxc6 Bxd4 40. Qc1 f6 41. Bxd4 Qxd4 42. Qe3 Qd1+ 43. Kg2 a5 44. Qf3 Qd4 45. Qxh5 Kg7 46. h4 Qd2 47. Qf3 d4 48. h5 Qc2 49. g4 d3 50. Qe4 Qc3 51. Qe7+ Kh8 52. Qf8+ Kh7 53. Qf7+ Kh8 54. h6 f5 55. Qg7+ Qxg7 56. hxg7+ Kxg7 57. Kf1 fxg4 58. Ke1 Kf6 59. Kd2 Kf5 60. Ke3 g3 61. fxg3 Kg4 62. a3 Kxg3 63. b4 Kh2 64. b5 g4 65. b6 d2 66. Kxd2 g3 67. b7 g2 68. b8Q+ Kh3 69. Qh8+ Kg3 70. Qg7+ Kf2 71. Qd4+ Kf1 72. Qf4+ Kg1 73. Ke3 Kh1 74. Qh4+ Kg1 1-0

[Event "Budapest FS07 GM"]
[Site "Budapest"]
[Date "2009.07.10"]
[Round "7"]
[White "Breder, Dennis"]
[Black "Shen, Siyuan"]
[Result "1/2-1/2"]
[WhiteElo "2435"]
[BlackElo "2321"]
[PlyCount "38"]
[EventDate "2009.07.04"]
[EventType "tourn"]
[EventRounds "11"]
[EventCountry "HUN"]
[EventCategory "8"]
[SourceTitle "CBM 131 Extra"]
[Source "ChessBase"]
[SourceDate "2009.09.03"]
[SourceVersion "2"]
[SourceVersionDate "2009.09.16"]
[SourceQuality "1"]

1. e4 d5 2. exd5 Nf6 3. d4 Nxd5 4. Nf3 Bg4 5. h3 Bh5 6. Be2 Nc6 7. 0-0 e6 8. c3 Be7 9. Ne5 Bxe2 10. Qxe2 Nxe5 11. dxe5 Qd7 12. c4 Nb6 13. Rd1 Qc6 14. b3 Nd7 15. Nc3 0-0-0 16. Bb2 h5 17. Rd3 g5 18. Rf3 Rh7 19. Rd1 a6 1/2-1/2